The Romantic Poets Lyrics (NEW HORRIBLE HISTORIES) - Statistics

General Stats
  • This quiz has been taken 25 times
  • The average score is 23 of 57
Answer Stats
Answer % Correct
I wandered lonely as a {cloud}
87%
When all at once I saw a {cloud}. Yeah yeah
87%
Go riff on a cliff or go jump in a {lake}
83%
{Beauty} is truth, and truth is beauty
61%
My name is {Keats}
61%
We had fame too but {Keats} got zero
61%
Yeah, and people still think Frankenstein was the monster’s {name}
57%
I got all the right {beats}
52%
I lived to 36, but that was it for {me}
52%
I’m {Mary Shelley} and here’s what I say!
52%
I was 29 when I {drowned} at sea!!!
52%
Of dangerous power of queens and {kings}!
52%
One terrifying story of mine, inspired me to write {Frankenstein}
52%
And I was {dead} by 53
48%
That scary monster is your claim to {fame}
48%
That’s so {romantic}
48%
You’re just jealous of my {fame}
48%
But nature {lives} on…
43%
Let’s change the {world}!
43%
Like Wordsworth I love the nightingale {tweets}
43%
Lived to the ripe old age of {80}
43%
On a holiday in Lake {Geneva}
43%
Our poetry {sings}!
43%
At 25, I died of {TB}
39%
{Helloooooo}!
39%
My {story} will blow you away!
39%
Nature is a crazy {mama}
39%
Now how about we {hear} from a new Romantic?!
39%
You’re an {awful} writer
39%
You’re just a {Cockney} oik
39%
But I wrote about me the {scandalous} Byron
35%
But I wrote an ode to a {Grecian urn}
35%
But let’s not forget the {ladies}
35%
No need to be {snooty}
35%
{Romantics} love to get the feels
35%
{Romantics} love to get the feels
35%
{Romantics} love to get the feels
35%
That {floats} on high o’er vales and hills
35%
The {key} to life and all its drama
35%
They’re all about your {ego}
35%
We imagine big we don’t keep it {reals}
35%
We imagine big we don’t keep it {reals}
35%
We imagine big, we don’t keep it {reals}. Yeah yeah
35%
You may be inspired by your {environ}
35%
Your epic tales are {lame}!
35%
I leave that stuff to {Percy Bysshe Shelly}
30%
I’m not as posh as them and that’s a big {concern}
26%
I was like a {rock star}, a hero
26%
I died ignored they were {gigantic}
22%
Men must {assert} their rights to grow!
22%
Unlike them I was late and {great-y}
22%
Wordsworth, though I rate your {nature} hot take
22%
Life is short, and cruel and {frantic}
17%
Talked late at night of tales that {affect} us
17%
We got a bad {storytelling} fever
17%
You don’t need to {struggle} - there’s no fire in your belly
17%
Frightening {fables} of ghosts and spectres
13%
No matching quizzes found
Score Distribution
Percent of People with Each Score
Percentile by Number Answered
Your Score History
You have not taken this quiz